<?xml version="1.0" encoding="UTF-8"?>
<record
    xmlns:xsi="http://www.w3.org/2001/XMLSchema-instance"
    xsi:schemaLocation="http://www.loc.gov/MARC21/slim http://www.loc.gov/standards/marcxml/schema/MARC21slim.xsd"
    xmlns="http://www.loc.gov/MARC21/slim">

  <leader>01821cam a22002893a 4500</leader>
  <controlfield tag="001">12473</controlfield>
  <controlfield tag="003">PGUSA</controlfield>
  <controlfield tag="005">20140828083252.0</controlfield>
  <controlfield tag="008">040501s2004||||xxu|||||s|||||000 i eng d</controlfield>
  <datafield tag="040" ind1=" " ind2=" ">
    <subfield code="a">PGUSA</subfield>
    <subfield code="b">eng</subfield>
  </datafield>
  <datafield tag="042" ind1=" " ind2=" ">
    <subfield code="a">dc</subfield>
  </datafield>
  <datafield tag="050" ind1=" " ind2="4">
    <subfield code="a">PT</subfield>
  </datafield>
  <datafield tag="245" ind1="1" ind2="4">
    <subfield code="a">The German Classics of the Nineteenth and Twentieth Centuries, Volume 06 :</subfield>
    <subfield code="b">Masterpieces of German Literature Translated into English. in Twenty Volumes</subfield>
    <subfield code="h">[electronic resource]</subfield>
  </datafield>
  <datafield tag="260" ind1=" " ind2=" ">
    <subfield code="b">Project Gutenberg,</subfield>
    <subfield code="c">2004</subfield>
  </datafield>
  <datafield tag="505" ind1="0" ind2=" ">
    <subfield code="a">The Life of Heinrich Heine. By William Guild Howard -- Dedication. -- Songs. -- A Lyrical Intermezzo. -- Sonnets. -- Poor Peter. -- The Two Grenadiers. -- Belshazzar. -- The Pilgrimage to Kevlaar. -- The Return Home. -- Twilight. -- Hail to the Sea. -- In the Harbor. -- A New Spring. -- Abroad. -- The Sphinx. -- Germany. -- Enfant Perdu. -- The Battlefield of Hastings. -- The Asra. -- The Passion Flower. -- The Journey to the Harz. -- Boyhood Days. -- English Fragments--Dialogue on the Thames; London; Wellington. -- Lafayette. -- The Romantic School. -- The Rabbi of Bacharach. -- The Life of Franz Grillparzer. By William Guild Howard -- Medea. -- The Jewess of Toledo. -- The Poor Musician. -- My Journey to Weimar. -- Beethoven as a Letter Writer. By Walter R. Spalding -- Beethoven's Letters.</subfield>
  </datafield>
  <datafield tag="506" ind1=" " ind2=" ">
    <subfield code="a">Public domain in the USA.</subfield>
  </datafield>
  <datafield tag="516" ind1=" " ind2=" ">
    <subfield code="a">Electronic text</subfield>
  </datafield>
  <datafield tag="653" ind1=" " ind2=" ">
    <subfield code="a">German literature -- 19th century -- Translations into English</subfield>
  </datafield>
  <datafield tag="653" ind1=" " ind2=" ">
    <subfield code="a">German literature -- 20th century -- Translations into English</subfield>
  </datafield>
  <datafield tag="700" ind1="1" ind2=" ">
    <subfield code="a">Heine, Heinrich,</subfield>
    <subfield code="d">1797-1856</subfield>
  </datafield>
  <datafield tag="700" ind1="1" ind2=" ">
    <subfield code="a">Beethoven, Ludwig van,</subfield>
    <subfield code="d">1770-1827</subfield>
  </datafield>
  <datafield tag="700" ind1="1" ind2=" ">
    <subfield code="a">Francke, Kuno,</subfield>
    <subfield code="d">1855-1930</subfield>
  </datafield>
  <datafield tag="700" ind1="1" ind2=" ">
    <subfield code="a">Grillparzer, Franz,</subfield>
    <subfield code="d">1791-1872</subfield>
  </datafield>
  <datafield tag="830" ind1=" " ind2="0">
    <subfield code="a">Project Gutenberg</subfield>
    <subfield code="v">12473</subfield>
  </datafield>
  <datafield tag="856" ind1="4" ind2="0">
    <subfield code="u">http://www.gutenberg.org/ebooks/12473</subfield>
  </datafield>
  <datafield tag="942" ind1=" " ind2=" ">
    <subfield code="c">EB</subfield>
  </datafield>
  <datafield tag="999" ind1=" " ind2=" ">
    <subfield code="c">241728</subfield>
    <subfield code="d">241728</subfield>
  </datafield>
  <datafield tag="952" ind1=" " ind2=" ">
    <subfield code="0">0</subfield>
    <subfield code="1">0</subfield>
    <subfield code="4">0</subfield>
    <subfield code="a">GTB</subfield>
    <subfield code="b">GTB</subfield>
    <subfield code="d">2014-08-28</subfield>
    <subfield code="l">0</subfield>
    <subfield code="r">2014-08-28 00:00:00</subfield>
    <subfield code="w">2014-08-28</subfield>
    <subfield code="y">EB</subfield>
  </datafield>
</record>
